The dogmatic principles of Soviet philosophy (as of 1958).
| Corporate Author: | |
|---|---|
| Other Authors: | |
| Format: | Book |
| Language: | English German Russian |
| Published: |
Dordrecht, Holland :
D. Reidel Pub. Co.,
[1963]
|
| Series: | Sovietica; publications of the Institute of East-European Studies, University of Fribourg
|
| Subjects: |
MARC
| Tag | First Indicator | Second Indicator | Subfields |
|---|---|---|---|
| LEADER | 00000cam a2200000 4500 | ||
| 001 | in00000053130 | ||
| 005 | 20151007080447.0 | ||
| 008 | 720802s1963 eng u | ||
| 010 | |a 64054594 | ||
| 035 | |a (OCoLC)00371716 | ||
| 035 | |9 AAF4858AM | ||
| 040 | |c WSU |d TXA |d UtOrBLW | ||
| 041 | 1 | |a eng |a ger |a rus | |
| 049 | |a TXAM |c [469435] | ||
| 090 | |a B809.8 |b .A483 | ||
| 092 | |a 146.3 |b A313d | ||
| 110 | 2 | |a Institut filosofii (Akademii︠a︡ nauk SSSR) | |
| 245 | 1 | 4 | |a The dogmatic principles of Soviet philosophy (as of 1958). |
| 264 | 1 | |a Dordrecht, Holland : |b D. Reidel Pub. Co., |c [1963] | |
| 264 | 4 | |c [©1963] | |
| 300 | |a 78 pages | ||
| 336 | |a text |b txt |2 rdacontent | ||
| 337 | |a unmediated |b n |2 rdamedia | ||
| 338 | |a volume |b nc |2 rdacarrier | ||
| 490 | 0 | |a Sovietica; publications of the Institute of East-European Studies, University of Fribourg | |
| 650 | 0 | |a Dialectical materialism. | |
| 700 | 1 | |a Bochenski, Joseph M., |d 1902-1995. | |
| 740 | 0 | |a Osnovy marksistskoj filosofii. | |
| 999 | |a MARS | ||
| 999 | f | f | |s fb7758ba-8863-3a1a-b6c7-451834088939 |i 0a4860ed-66ed-3b9f-9ca6-8f53a8e2217d |t 0 |
| 952 | f | f | |p ric |a Texas A&M University |b Rellis Campus |c Joint Library Facility |d Remote Storage |t 0 |e B809.8 .A483 |h Library of Congress classification |i unmediated -- volume |m A14800519080 |
| 998 | f | f | |a B809.8 .A483 |t 0 |l Remote Storage |